How administrators can improve teaching : moving from talk to action in higher education /

書目詳細資料
其他作者: Seldin, Peter
格式: 圖書
語言:English
出版: San Francisco, Calif. : Jossey-Bass, 1990.
版:First edition.
叢編:The Jossey-Bass higher education series
主題:
Classic Catalogue: View this record in Classic Catalogue
LEADER 01529nam a2200289 a 4500
001 0017136
003 BD-DhAAL
008 090909s1990 cau b 001 0 eng d
010 |a  90034308  
020 |a 1555422772 
040 |a DLC  |c DLC  |d DLC  |d BD-DhAAL 
082 0 0 |a 378.1250973  |2 20 
245 0 0 |a How administrators can improve teaching :  |b moving from talk to action in higher education /  |c Peter Seldin [editor] and associates ; foreword by Russell Edgerton. 
250 |a First edition. 
260 |a San Francisco, Calif. :  |b Jossey-Bass,  |c 1990. 
300 |a xxvii, 219 p. ;  |c 24 cm 
490 0 |a The Jossey-Bass higher education series 
504 |a Includes bibliographical references and index. 
526 |a AAL  |x Professor Jamilur Reza Choudhury (Former Vice-Chancellor), BRAC University and Dr. Salehuddin Ahmed (Former Pro-Vice-Chancellor), BRAC University 
541 1 |e 0017136  |a Essence Science Publications 
650 0 |a College teaching  |z United States. 
650 0 |a Universities and colleges  |z United States  |x Administration. 
700 1 |a Seldin, Peter.  |9 58761 
852 4 |a Ayesha Abed Library   |c General Stacks 
942 |2 ddc  |c BK 
999 |c 3994  |d 3994 
952 |0 0  |1 0  |2 ddc  |4 0  |6 378_125097300000000_HOW_1990  |7 0  |9 3685  |a BRACUL  |b BRACUL  |c GEN  |d 2009-09-30  |e Essence Science Publications  |g 3495.00  |l 0  |o 378.1250973 HOW  |p 3010017136  |r 2009-09-30  |t 1  |w 2009-09-30  |y BK  |x Requisitioned by Professor Jamilur Reza Choudhury (Former Vice-Chancellor), BRAC University and Dr. Salehuddin Ahmed (Former Pro-Vice-Chancellor), BRAC University